Lana Del Rey Song to Album - Click Quiz - Statistics

General Stats
  • This quiz has been taken 408 times
    111 since last reset
  • The average score is 22 of 30
Answer Stats
Hint Answer % Correct
Summertime Sadness Born to Die
83%
Brooklyn Baby Ultraviolence
83%
A&W DYKTTATUOB
82%
Million Dollar Man Born to Die
81%
Florida Kilos Ultraviolence
81%
Sad Girl Ultraviolence
81%
Blue Jeans Born to Die
79%
High By The Beach Honeymoon
78%
Lolita Born to Die
76%
Money Power Glory Ultraviolence
76%
Dealer Blue Banisters
75%
Art Deco Honeymoon
75%
Doin' Time NFR
75%
Fishtail DYKTTATUOB
74%
Salvatore Honeymoon
74%
California NFR
74%
Kintsugi DYKTTATUOB
72%
Get Free Lust For Life
72%
Groupie Love Lust For Life
72%
The greatest NFR
71%
Arcadia Blue Banisters
69%
White Mustang Lust For Life
69%
Bartender NFR
69%
Wild At Heart COTCC
68%
Swan Song Honeymoon
68%
Dance Till We Die COTCC
64%
Cherry Blossom Blue Banisters
63%
Breaking Up Slowly COTCC
57%
Change Lust For Life
57%
Not All Who Wander Are Lost COTCC
53%
No matching quizzes found
Score Distribution
Percent of People with Each Score
Percentile by Number Answered
Your Score History
You have not taken this quiz since the last reset